| 000 | 00480 a2200169 4500 | ||
|---|---|---|---|
| 003 | OSt | ||
| 005 | 20231211115755.0 | ||
| 008 | 231208b |||||||| |||| 00| 0 eng d | ||
| 020 | _a9788126421992 | ||
| 040 | _coclc | ||
| 082 |
_a954.83 _bSRE/K |
||
| 100 | 1 |
_aSreedhara Menon, A. _910096 |
|
| 245 |
_aKerala history and its makers / _cA Sreedhara Menon |
||
| 260 |
_bD C Books, _c2020. |
||
| 300 | _a226p | ||
| 942 |
_2ddc _cBK _h954.83 _iSRE/K _k954.83 _mSRE/K |
||
| 999 |
_c44201 _d44201 |
||